000 01103nam a22002297a 4500
999 _c18687
_d18687
005 20251211123005.0
008 s2544 th tha d
020 _a9742829837
040 _aNALT
041 _atha
100 0 _aสมชัย วัฒนการุณ
245 1 0 _aการใช้สิทธิของประชาชนตามพระราชบัญญัติข้อมูลข่าวสารของทางราชการ พ.ศ.2540
260 3 _aกรุงเทพฯ :
_bวิญญูชน,
_c2544
300 _a260 หน้า ;
_b 26 ซม.
650 0 4 _aข้อมูลข่าวสารของราชการ -- กฎหมายและระเบียบข้อบังคับ
650 0 4 _aข้อมูลข่าวสารของราชการ (พ.ร.บ.) -- 2540
850 _aNALT
856 4 0 _uhttps://hdl.handle.net/20.500.14156/302546
_71
942 _cLB
_021
_2lcc
998 _j8
_k นายบัณฑิต อุทาวงค์
090 _aKR33 ส238ก 2544